| 000 | 00468nam a2200169Ia 4500 | ||
|---|---|---|---|
| 999 |
_c19093 _d19093 |
||
| 003 | OSt | ||
| 005 | 20200624141848.0 | ||
| 008 | 190216s9999||||xx |||||||||||||| ||und|| | ||
| 040 | _coclc | ||
| 082 |
_a954 _bMAJ/S |
||
| 100 |
_aMajumdar, R C _93013 |
||
| 245 | 0 |
_aStruggle For Freedom / _cR C Majumdar |
|
| 260 |
_bBharatiya Vidya Bhavan, _c1969. _aBombay: |
||
| 300 | _a1144p | ||
| 650 | _aHistory | ||
| 942 |
_cBK _2ddc _h954 _iMAJ/S _k954 _mMAJ/S |
||